The unity and diversity of life (Record no. 83374)
[ view plain ]
| 000 -LEADER | |
|---|---|
| fixed length control field | 00858cam a22002411 4500 |
| 001 - CONTROL NUMBER | |
| control field | sa 68010326 |
| 003 - CONTROL NUMBER IDENTIFIER | |
| control field | DLC |
| 005 - DATE AND TIME OF LATEST TRANSACTION | |
| control field | 20260227112551.0 |
| 008 - FIXED-LENGTH DATA ELEMENTS--GENERAL INFORMATION | |
| fixed length control field | 850306s1965 ii f000 0 eng |
| 010 ## - LIBRARY OF CONGRESS CONTROL NUMBER | |
| LC control number | sa 68010326 |
| 020 ## - INTERNATIONAL STANDARD BOOK NUMBER | |
| Terms of availability | Re1.00 |
| 025 ## - OVERSEAS ACQUISITION NUMBER | |
| Overseas acquisition number | PL480:I-E-7391 |
| 040 ## - CATALOGING SOURCE | |
| Original cataloging agency | DLC/ICU |
| Transcribing agency | ICU |
| Modifying agency | DLC |
| 050 00 - LIBRARY OF CONGRESS CALL NUMBER | |
| Classification number | QH311 |
| Item number | .H32 1965 |
| 100 1# - MAIN ENTRY--PERSONAL NAME | |
| Personal name | Haldane, J. B. S. |
| Fuller form of name | (John Burdon Sanderson), |
| Dates associated with a name | 1892-1964. |
| 245 14 - TITLE STATEMENT | |
| Title | The unity and diversity of life |
| Statement of responsibility, etc. | [by] J.B.S. Haldane. |
| 260 ## - PUBLICATION, DISTRIBUTION, ETC. | |
| Place of publication, distribution, etc. | [New Delhi] |
| Name of publisher, distributor, etc. | Publications Division, Ministry of Information & Broadcasting, Govt. of India |
| Date of publication, distribution, etc. | [1965] |
| 300 ## - PHYSICAL DESCRIPTION | |
| Extent | 84 p. |
| Dimensions | 18 cm. |
| 490 1# - SERIES STATEMENT | |
| Series statement | Sardar Vallabhbhai Patel lectures, |
| Volume/sequential designation | series 3 |
| 500 ## - GENERAL NOTE | |
| General note | Lectures delivered in New Delhi in 1957 and later broadcast by All India Radio. |
| 650 #0 - SUBJECT ADDED ENTRY--TOPICAL TERM | |
| Topical term or geographic name entry element | Biology. |
| 830 #0 - SERIES ADDED ENTRY--UNIFORM TITLE | |
| Uniform title | Sardar Vallabhbhai Patel lectures ; |
| Volume/sequential designation | ser. 3. |
No items available.